000 00984nam a22002897a 4500
003 CHAP
005 20220329135923.0
008 971013s1982 r 00010 d
010 _a44147
011 _a45119
035 _a49258
040 _cCHAP
082 _a630.72
_bI47va 1982
110 _aINIA. México. Campo Agrícola Experimental Valle de Santo Domingo
_958528
245 _aGuía para la asistencia técnica agrícola área de influencia del campo...
250 _a2 ed.
260 _aMéxico, D.F. :
_bEl Instituto,
_c1982
300 _a165 p.
_b: ilus. ; cuadros
590 _aBATCH-UPD
_b10
_c20130110
_lUCH01
_h1929
590 _aBATCH-UPD
_b10
_c20130410
_lUCH01
_h1253
590 _aCONVERSION
_b10
_c20130109
_lUCH01
_h1324
650 1 4 _aAgricultura
_xBaja California Sur.
_91317
650 1 4 _aAgricultura
_xInvestigacion
_xBaja California Sur.
_91586
901 _aBK
942 _cLIBRO
949 _a630.72 I47va 1982
_bBC
_cC
_d33724000563177
_eC
_h60228
_i49258
_mD
_si
999 _c44147
_d44147